000 00547nam a22002177a 4500
003 UA-OsUOA
001 42131
007 ta
008 20061026b un ||||| |||| 00| 0 ukr d
100 _aКравчук В.
090 _a821.161.2
_bК78
942 _cBK
040 _aUA-OsUOA
_bukr
_cUA-OsUOA
_dUA-OsUOA
245 _aВірші з маминої хати
300 _a56 с.
955 _a3
041 _aukr
080 _a821.161.2
650 7 _a82 Література. Літературознавство
_2UDC
999 _c328262
_d328262